The merchant of Venice, (Record no. 68924)
[ view plain ]
| 000 -LEADER | |
|---|---|
| fixed length control field | 01034nam a2200229 4500 |
| 001 - CONTROL NUMBER | |
| control field | 3219658 |
| 003 - CONTROL NUMBER IDENTIFIER | |
| control field | NUST - PNEC |
| 005 - DATE AND TIME OF LATEST TRANSACTION | |
| control field | 20170116181106.0 |
| 008 - FIXED-LENGTH DATA ELEMENTS--GENERAL INFORMATION | |
| fixed length control field | 850205s1794 enk|||| a 00| ||eng d |
| 035 ## - SYSTEM CONTROL NUMBER | |
| System control number | (CStRLIN)ESTCT154690 |
| 040 ## - CATALOGING SOURCE | |
| Original cataloging agency | Uk-ES |
| Transcribing agency | LIBRARY |
| Modifying agency | CStRLIN |
| -- | ResP |
| 082 ## - DEWEY DECIMAL CLASSIFICATION NUMBER | |
| Classification number | 822.33 SHA |
| 100 1# - MAIN ENTRY--PERSONAL NAME | |
| Personal name | Shakespeare, William, |
| Dates associated with a name | 1564-1616. |
| 245 04 - TITLE STATEMENT | |
| Title | The merchant of Venice, |
| Remainder of title | a comedy, by Shakespeare, as performed at the Theatres Royal. Regulated from the prompt-books, by permission of the managers. With an introduction, and notes critical and illustrative. |
| 260 ## - PUBLICATION, DISTRIBUTION, ETC. | |
| Place of publication, distribution, etc. | London : |
| Name of publisher, distributor, etc. | printed (by assignment) for J. Barker, |
| Date of publication, distribution, etc. | 1794. |
| 300 ## - PHYSICAL DESCRIPTION | |
| Extent | 64p.,plate ; |
| Dimensions | 12⁰. |
| 533 ## - REPRODUCTION NOTE | |
| Type of reproduction | Microfilm. |
| Place of reproduction | Woodbridge, Conn. : |
| Agency responsible for reproduction | Primary Source Microfilm, an imprint of Gale Group, |
| Date of reproduction | 2000. |
| Physical description of reproduction | 1 reel ; 35mm. |
| Note about reproduction | Unit 322. |
| Series statement of reproduction | (The Eighteenth Century ; reel 11265, no.10 ). |
| Fixed-length data elements of reproduction | s2000 ctu b |
| 650 ## - SUBJECT ADDED ENTRY--TOPICAL TERM | |
| 9 (RLIN) | 12628 |
| Topical term following geographic name entry element | English literature |
| General subdivision | General books |
| 830 #0 - SERIES ADDED ENTRY--UNIFORM TITLE | |
| Uniform title | Eighteenth century ; |
| Volume/sequential designation | reel 11265, no. 10. |
| 942 ## - ADDED ENTRY ELEMENTS (KOHA) | |
| Source of classification or shelving scheme | |
| Koha item type | Book |
| Withdrawn status | Lost status | Source of classification or shelving scheme | Damaged status | Not for loan | Permanent Location | Current Location | Shelving location | Date acquired | Total Checkouts | Full call number | Barcode | Date last seen | Price effective from | Koha item type |
|---|---|---|---|---|---|---|---|---|---|---|---|---|---|---|
| Pakistan Navy Engineering College (PNEC) | Pakistan Navy Engineering College (PNEC) | 822.33 SHA | PNECLIB-003713 | 10/03/2015 | Book | |||||||||
| Pakistan Navy Engineering College (PNEC) | Pakistan Navy Engineering College (PNEC) | 822.33 SHA | PNECLIB-003736 | 10/03/2015 | Book | |||||||||
| Pakistan Navy Engineering College (PNEC) | Pakistan Navy Engineering College (PNEC) | 822.33 SHA | PNECLIB-003738 | 10/06/2015 | Book |
